Andrés Bello y la administración pública de Chile
Guardat en:
| Autor principal: | |
|---|---|
| Format: | Llibre |
| Idioma: | espanyol |
| Publicat: |
Caracas
Imprenta López
1964
|
| Matèries: | |
| Etiquetes: |
Afegir etiqueta
Sense etiquetes, Sigues el primer a etiquetar aquest registre!
|
MARC
| LEADER | 00000nam a2200000 a 4500 | ||
|---|---|---|---|
| 001 | UCX4828 | ||
| 003 | CL-VaPUC | ||
| 008 | 920730e19640000VE |||||||||||||||||spa|d | ||
| 082 | 0 | 4 | |a 340.08 |b FEL |2 21 |
| 100 | |a Feliú Cruz, Guillermo |e author |9 375429 | ||
| 245 | 1 | 0 | |a Andrés Bello y la administración pública de Chile |
| 300 | |a 88 p | ||
| 942 | |c BK | ||
| 945 | |d 19920730 00:00:00 | ||
| 260 | |a Caracas |b Imprenta López |c 1964 | ||
| 600 | 0 | 7 | |a BELLO, ANDRES |2 CL-VaPUC |9 321108 |
| 650 | 7 | |a CULTURA CHILENA |2 CL-VaPUC |9 321109 | |
| 651 | 7 | |a CHILE |2 CL-VaPUC |9 321110 | |
| 583 | |a last modification |c 19920730 00:00:00 |k Rodrigo Vera | ||
| 999 | |c 225212 |d 225210 | ||
| 952 | |0 0 |1 0 |4 0 |6 340_080000000000000_FEL_1964 |7 0 |8 A |9 222562 |a BIBDER |b BIBDER |d 2019-11-15 |i 2913607 |o 340.08 FEL 1964 |p 2913607 |r 2023-01-25 |w 2019-11-15 |y BK |k DER | ||